000 00416pab a2200145 454500
008 180718b2002 xxu||||| |||| 00| 0 eng d
100 _asingh, Hira
245 _aCaste, class and peasant agency in subaltern studies discourse: revisionist historiography, elite ideology
260 _c2002
300 _ap.91-134.
362 _aOct
650 _aPeasantry
773 _aJournal of Peasant Studies
909 _a56787
999 _c56787
_d56787